<?xml version="1.0" encoding="UTF-8"?>
<record
    xmlns:xsi="http://www.w3.org/2001/XMLSchema-instance"
    xsi:schemaLocation="http://www.loc.gov/MARC21/slim http://www.loc.gov/standards/marcxml/schema/MARC21slim.xsd"
    xmlns="http://www.loc.gov/MARC21/slim">

  <leader>03322cam a22004695i 4500</leader>
  <controlfield tag="001">21677199</controlfield>
  <controlfield tag="005">20230714144530.0</controlfield>
  <controlfield tag="006">m    |o  d |      </controlfield>
  <controlfield tag="007">cr |||||||||||</controlfield>
  <controlfield tag="008">170214s2017    gw |||| o    |||| 0|eng  </controlfield>
  <datafield tag="010" ind1=" " ind2=" ">
    <subfield code="a">  2019745098</subfield>
  </datafield>
  <datafield tag="020" ind1=" " ind2=" ">
    <subfield code="a">9783319486314</subfield>
  </datafield>
  <datafield tag="024" ind1="7" ind2=" ">
    <subfield code="a">10.1007/978-3-319-48631-4</subfield>
    <subfield code="2">doi</subfield>
  </datafield>
  <datafield tag="035" ind1=" " ind2=" ">
    <subfield code="a">(DE-He213)978-3-319-48631-4</subfield>
  </datafield>
  <datafield tag="040" ind1=" " ind2=" ">
    <subfield code="a">DLC</subfield>
    <subfield code="b">eng</subfield>
    <subfield code="e">pn</subfield>
    <subfield code="e">rda</subfield>
    <subfield code="c">DLC</subfield>
  </datafield>
  <datafield tag="050" ind1=" " ind2=" ">
    <subfield code="a">JA 85.2 .O48 2017</subfield>
  </datafield>
  <datafield tag="072" ind1=" " ind2="7">
    <subfield code="a">JPA</subfield>
    <subfield code="2">bicssc</subfield>
  </datafield>
  <datafield tag="072" ind1=" " ind2="7">
    <subfield code="a">JPA</subfield>
    <subfield code="2">thema</subfield>
  </datafield>
  <datafield tag="072" ind1=" " ind2="7">
    <subfield code="a">POL000000</subfield>
    <subfield code="2">bisacsh</subfield>
  </datafield>
  <datafield tag="082" ind1="0" ind2="4">
    <subfield code="a">320.014</subfield>
    <subfield code="2">23</subfield>
  </datafield>
  <datafield tag="245" ind1="0" ind2="0">
    <subfield code="a">Political Communication in Africa /</subfield>
    <subfield code="c">edited by Ayo Olukotun, Sharon Adetutu Omotoso.</subfield>
  </datafield>
  <datafield tag="250" ind1=" " ind2=" ">
    <subfield code="a">1st ed. 2017.</subfield>
  </datafield>
  <datafield tag="300" ind1=" " ind2=" ">
    <subfield code="a">1 online resource (XV, 246 pages)</subfield>
  </datafield>
  <datafield tag="505" ind1="0" ind2=" ">
    <subfield code="a">Preface -- 1 Introduction: The African Policom Stew -- 2 Political Communication: An Evolving Field, Yet to Berth in Africa -- 3 Political Communication and African Diplomacy -- 4 African Ethics and African Political Communication: Some Comments -- 5 Strategic Political Communication in Africa -- 6 Habermas in Africa? Re-Interrogating the 'Public Sphere' and 'Civil Society' in African Political Communication Research -- 7 Hostile Political Communication: Triadic Examples from Africa -- 8 Media, Propaganda and the Image Dilemma of African States -- 9 Singing Truth to Power and the Disempowered: The Case of Lucky Mensah and his Song,"NKRATOO" -- 10 Gender and Political Communication in Africa -- 11 From "Governor-General" to "Kwankwasiya": Democracy and Branded Political Communication in Nigeria's Fourth Republic -- 12 Nigerian Newspapers' Publication of Predicted and the Actual Outcome of 2015 Presidential Election in Nigeria: Lessons for Africa -- 13 Reporting Africa: The Role of the Media in (Un) Shaping the Democratic Agenda -- 14 Globalization and Political Communication in Africa: Anglo-American Influences in Kenya and Nigeria.</subfield>
  </datafield>
  <datafield tag="520" ind1=" " ind2=" ">
    <subfield code="a">This book offers a comprehensive account of the nature and development of political communication in Africa. In light of the growing number of African states now turning towards democratic rule, as well as the growing utilization of information technologies in Africa, the contributors examine topics such as: the role of social media in politics, strategic political communication, political philosophy and political communication, Habermas in Africa, gender and political communication, image dilemma in Africa, and issues in political communication research in Africa, and identify the frontiers for future research on political communication in Africa.</subfield>
  </datafield>
  <datafield tag="650" ind1=" " ind2="0">
    <subfield code="a">Africa-Politics and government.</subfield>
  </datafield>
  <datafield tag="650" ind1=" " ind2="0">
    <subfield code="a">Communication.</subfield>
  </datafield>
  <datafield tag="650" ind1=" " ind2="0">
    <subfield code="a">Democracy.</subfield>
  </datafield>
  <datafield tag="650" ind1=" " ind2="0">
    <subfield code="a">Political communication.</subfield>
  </datafield>
  <datafield tag="650" ind1="1" ind2="4">
    <subfield code="a">Political Communication.</subfield>
  </datafield>
  <datafield tag="650" ind1="2" ind2="4">
    <subfield code="a">African Politics.</subfield>
  </datafield>
  <datafield tag="650" ind1="2" ind2="4">
    <subfield code="a">Communication Studies.</subfield>
  </datafield>
  <datafield tag="650" ind1="2" ind2="4">
    <subfield code="a">Democracy.</subfield>
  </datafield>
  <datafield tag="700" ind1="1" ind2=" ">
    <subfield code="a">Olukotun, Ayo.</subfield>
    <subfield code="e">editor.</subfield>
  </datafield>
  <datafield tag="700" ind1="1" ind2=" ">
    <subfield code="a">Omotoso, Sharon Adetutu.</subfield>
    <subfield code="e">editor.</subfield>
  </datafield>
  <datafield tag="776" ind1="0" ind2="8">
    <subfield code="i">Print version:</subfield>
    <subfield code="t">Political communication in Africa</subfield>
    <subfield code="z">9783319486307</subfield>
    <subfield code="w">(DLC)  2016961705</subfield>
  </datafield>
  <datafield tag="776" ind1="0" ind2="8">
    <subfield code="i">Printed edition:</subfield>
    <subfield code="z">9783319486307</subfield>
  </datafield>
  <datafield tag="776" ind1="0" ind2="8">
    <subfield code="i">Printed edition:</subfield>
    <subfield code="z">9783319486321</subfield>
  </datafield>
  <datafield tag="776" ind1="0" ind2="8">
    <subfield code="i">Printed edition:</subfield>
    <subfield code="z">9783319839813</subfield>
  </datafield>
  <datafield tag="906" ind1=" " ind2=" ">
    <subfield code="a">0</subfield>
    <subfield code="b">ibc</subfield>
    <subfield code="c">origres</subfield>
    <subfield code="d">u</subfield>
    <subfield code="e">ncip</subfield>
    <subfield code="f">20</subfield>
    <subfield code="g">y-gencatlg</subfield>
  </datafield>
  <datafield tag="942" ind1=" " ind2=" ">
    <subfield code="2">lcc</subfield>
    <subfield code="c">BOOKS</subfield>
    <subfield code="h">JA 85.2 .O48 2017</subfield>
  </datafield>
  <datafield tag="999" ind1=" " ind2=" ">
    <subfield code="c">31654</subfield>
    <subfield code="d">31654</subfield>
  </datafield>
  <datafield tag="952" ind1=" " ind2=" ">
    <subfield code="0">0</subfield>
    <subfield code="1">0</subfield>
    <subfield code="2">lcc</subfield>
    <subfield code="4">0</subfield>
    <subfield code="7">0</subfield>
    <subfield code="a">MUC</subfield>
    <subfield code="b">MUC</subfield>
    <subfield code="c">GEN</subfield>
    <subfield code="d">2023-07-14</subfield>
    <subfield code="e">Donation (falcon books)</subfield>
    <subfield code="l">2</subfield>
    <subfield code="o">JA 85.2 .O48 2017</subfield>
    <subfield code="p">39435</subfield>
    <subfield code="r">2023-07-03</subfield>
    <subfield code="s">2024-10-11</subfield>
    <subfield code="w">2023-07-14</subfield>
    <subfield code="y">BOOKS</subfield>
  </datafield>
</record>
